000 00781nam a22002412 4500
001 0000007178
005 20151217152025.0
008 071126s xx 000 0 eng d
020 _a1403900019 :
_cKES 3525
040 _aKABU
_cKABU
100 1 _aHarvey, Jack.
_@0000158263
245 1 0 _aUrban land economics /
_cJack Harvey and Ernie Jowsey.
250 _a6th ed.
260 _aBasingstoke, England :
_bPalgrave Macmillan,
_c2004.
300 _axiv, 459 p.
650 0 _aLand use
_cUrban
_zGreat Britain.
_@0000158264
650 0 _aReal property
_zGreat Britain.
_@0000158265
700 1 _aJowsey, Ernie.
_@0000158139
908 _a071126
950 _@1
999 _c7428
_d7428